Společná zemědělská politika při rozšiřovaní EU

Transformácia Európskej únie a zmeny spoločnej poľnohospodárskej politiky. Mac Sharyho reforma. Transformačný proces v poľnohospodárskom sektore v krajinách strednej a východnej Európy.

Enregistré dans:
Détails bibliographiques
Auteur principal: Jakš, Jaroslav
Format: Chapitre de livre
Langue:tchèque
Sujets:
Tags: Ajouter un tag
Pas de tags, Soyez le premier à ajouter un tag!

MARC

LEADER 00000naa a2200000 4500
001 r032898
005 20230920095236.1
041 0 |a cze 
044 |a CZ 
245 1 0 |a Společná zemědělská politika při rozšiřovaní EU  |c Jaroslav Jakš 
520 |a Transformácia Európskej únie a zmeny spoločnej poľnohospodárskej politiky. Mac Sharyho reforma. Transformačný proces v poľnohospodárskom sektore v krajinách strednej a východnej Európy. 
610 2 0 |a spolupráca hospodárska medzinárodná 
610 2 0 |a politika poľnohospodárska 
610 2 0 |a transformácia 
610 2 0 |a SVE 
610 2 0 |a Európska únia 
610 2 0 |a trh medzinárodný 
610 2 0 |a reformy poľnohospodárske 
100 1 |a Jakš, Jaroslav